Ekonomické aspekty súčasnej ekologickej krízy
Noosféra ako spôsob riešenia ekologickej katastrofy. Ekonomicko-organizačný mechanizmus riadenia ekológie. Svetové ekonomické centrá. Pojem špeciálne ekonomické zóny. Ekologicko-ekonomické regióny alebo zóny stabilného rozvoja noosféry.
Gespeichert in:
| 1. Verfasser: | |
|---|---|
| Format: | Buchkapitel |
| Sprache: | Slowakisch |
| Schlagworte: | |
| Tags: |
Keine Tags, Fügen Sie das erste Tag hinzu!
|
MARC
| LEADER | 00000nla$a2200000$$$4500 | ||
|---|---|---|---|
| 001 | 0126309 | ||
| 005 | 20250520125917.7 | ||
| 041 | 0 | |a slo | |
| 044 | |a SK | ||
| 245 | 1 | 0 | |a Ekonomické aspekty súčasnej ekologickej krízy |c Emília Krajňáková |
| 520 | |a Noosféra ako spôsob riešenia ekologickej katastrofy. Ekonomicko-organizačný mechanizmus riadenia ekológie. Svetové ekonomické centrá. Pojem špeciálne ekonomické zóny. Ekologicko-ekonomické regióny alebo zóny stabilného rozvoja noosféry. | ||
| 610 | 2 | 0 | |a kríza hospodárska |
| 610 | 2 | 0 | |a politika environmentálna |
| 610 | 2 | 0 | |a politika ekologická |
| 610 | 2 | 0 | |a kríza environmentálna |
| 610 | 2 | 0 | |a ochrana prostredia životného |
| 610 | 2 | 0 | |a hospodárstvo svetové |
| 610 | 2 | 0 | |a biosféra |
| 100 | 1 | |a Krajňáková, Emília | |